| 000 | 00709nam a22002537a 4500 | ||
|---|---|---|---|
| 008 | 131027b xxu||||| |||| 00| 0 eng d | ||
| 020 | _a0-471-82872-6 | ||
| 024 | _cAvailable | ||
| 037 | _cAvailable | ||
| 040 |
_aMBSTU LIBRARY _dMBSTU LIBRARY |
||
| 082 |
_222 _a539 KRM |
||
| 100 | _aKrane, Kenneth. | ||
| 245 | _aModern physics. | ||
| 250 | _a2nd | ||
| 260 |
_aNew York _bJohn Wiley and Sons. _c1998 |
||
| 300 |
_a26 cm. _b581 page _f1 _g26 cm. |
||
| 600 | _2Modern physics. | ||
| 650 | _2Modern physics. | ||
| 700 | _aKrane, Kenneth. | ||
| 270 |
_aNew York _bNew York _dUSA |
||
| 365 |
_b420.00 _d420.00 |
||
| 942 |
_2ddc _cBK |
||
| 999 |
_c738 _d738 |
||